00494 2200181 4500001002100000005001500021035002000036007000300056008004100059020002200100082001000122084001600132100002100148245003700169260004000206300004600246650002000292INLIS00000000000038620221028020739 a0010-1022000128ta221028 a 1 ind  a978-602-252-820-3 a741.5 a741.5 ANI l0 aAnies Listyowati1 aLola Bisulan /cAnies Listyowati aJakarta :bErlangga For Kids,c2014 a22 halaman :bilustrasi berwarna ;c22 cm 4aSeri Anak Sehat